Statistics for She-Ra and the Princesses of Power: Quiz

Click here to take the quiz!

General Stats

  • This quiz has been taken 574 times
  • The average score is 9 of 12

Answer Stats

HintAnswer% Correct
What is Catra's iconic phrase?Hey, Adora
91%
Who was She-Ra before Adora?Mara
88%
Who is the "Princess of Ice Cream" (also known as "Sea-Ra")?Mermista
86%
How old is Frosta when we first meet her?11
79%
What is Catra and Adora's ship name?Catradora
77%
What does Adora have to say in order to become She-Ra?For the honor of Greyskull!
77%
How many known princesses are there in the Princess Alliance?8
73%
What is Spinnerella's nickname?Spinny
71%
What is the name Bow gives to their group?Best Friend Squad
70%
"So please! Just this once! ____!"Stay
69%
What is Entrapta's kindgom called?Dryl
40%
What name does Entrapta give to Mara's ship?Darla
39%

Score Distribution

Percentile by Number Answered

Percent of People with Each Score

Your Score History

You have not taken this quiz